000 00746nam a22002177a 4500
003 OSt
005 20260303055636.0
008 260129b |||||||| |||| 00| 0 eng d
020 _a978-1-4075-0567-1
040 _aDWCL-Main Lib
_cOC
082 _aGR. 720.9 H711 2007
100 _aHOFFMAN, MICHAEL / ALEXANDER KRINGS
_eAuthors
245 _a100 wonders of the world
260 _aBath : Paragon : Richmond, Va. :
_b Paragon Books, APE Int'l,
_cc 2007
300 _a240 p. :
_bill., (chiefly col.), maps :
_c32 cm
650 _aCuriosities and wonders - Pictorial works.
650 _aHistoric building - Pictorial works.
650 _aHistoric sites - Pictorial works.
650 _aNature - Pictorial works.
942 _2ddc
_cGR
_mGR.
_n0
999 _c8002
_d8002